000
00271nam a22001217a 4500
008
180131b xxu||||| |||| 00| 0 eng d
041
_a
eng
080
_a
101
100
_a
24
101
_a
FIL
245
_a
Tractatur logico-philosophicus
_c
Honderich,T
942
_2
udc
_c
BK
999
_c
41418
_d
41418